Jose Mourinho's Tottenham - Statistics

General Stats
  • This quiz has been taken 50 times
  • The average score is 29 of 44
Answer Stats
Rank Player Position Nationality Matches Goals Assists % Correct
3 Harry Kane Centre-Forward 62 45 18
100%
1 Heung-min Son Left Winger 70 29 25
100%
2 Hugo Lloris Goalkeeper 59 0 0
100%
5 Davinson Sánchez Centre-Back 58 2 0
98%
4 Toby Alderweireld Centre-Back 57 3 1
98%
22 Jan Vertonghen Centre-Back 21 2 1
96%
9 Ben Davies Centre-Back 52 1 4
93%
15 Dele Alli Attacking Midfield 51 10 9
93%
8 Eric Dier Centre-Back 57 0 2
93%
6 Lucas Moura Right Winger 80 14 12
91%
7 Serge Aurier Right-Back 56 4 7
89%
17 Erik Lamela Right Winger 54 5 3
87%
10 Moussa Sissoko Central Midfield 59 3 1
87%
12 Pierre-Emile Højbjerg Defensive Midfield 46 1 5
87%
19 Sergio Reguilón Left-Back 29 0 5
87%
16 Steven Bergwijn Left Winger 46 3 7
84%
14 Giovani Lo Celso Attacking Midfield 52 6 4
82%
11 Harry Winks Defensive Midfield 52 2 2
82%
13 Tanguy Ndombélé Central Midfield 57 6 5
82%
42 Victor Wanyama Defensive Midfield 1 0 0
82%
28 Christian Eriksen Central Midfield 14 1 2
80%
23 Gareth Bale Right Winger 27 10 3
80%
30 Danny Rose Left-Back 5 0 0
76%
18 Matt Doherty Right-Back 27 0 4
73%
21 Paulo Gazzaniga Goalkeeper 16 0 0
67%
31 Oliver Skipp Defensive Midfield 7 0 0
62%
24 Carlos Vinícius Centre-Forward 22 10 3
58%
33 Michel Vorm Goalkeeper 1 0 0
56%
36 Troy Parrott Centre-Forward 3 0 0
51%
26 Joe Rodon Centre-Back 13 0 0
49%
32 Juan Foyth Right-Back 3 0 0
49%
20 Japhet Tanganga Centre-Back 21 0 0
47%
29 Gedson Fernandes Central Midfield 14 0 0
44%
25 Joe Hart Goalkeeper 10 0 0
42%
27 Ryan Sessegnon Left-Back 10 1 0
38%
38 Dane Scarlett Centre-Forward 3 0 1
33%
34 Harvey White Defensive Midfield 2 0 0
31%
41 Nile John Central Midfield 1 0 0
27%
43 Alfie Whiteman Goalkeeper 1 0 0
24%
35 Kyle Walker-Peters Right-Back 1 0 0
24%
37 Jack Clarke Left Winger 3 0 0
20%
40 Alfie Devine Attacking Midfield 1 1 0
13%
44 Malachi Fagan-Walcott Centre-Back 1 0 0
7%
39 Marcel Lavinier Right-Back 1 0 0
7%
No matching quizzes found
Score Distribution
Percent of People with Each Score
Percentile by Number Answered
Your Score History
You have not taken this quiz